|
|
|
|
| LEADER |
01183nam a22003138i 4500 |
| 001 |
36745 |
| 003 |
BD-DhAAL |
| 005 |
20211129112844.0 |
| 008 |
191125t2016 nyua b 001 0 eng |
| 999 |
|
|
|c 41375
|d 41375
|
| 010 |
|
|
|a 2014037947
|
| 020 |
|
|
|a 9781259010873 (pbk.)
|
| 040 |
|
|
|a DLC
|b eng
|c DLC
|e rda
|d BD-DhAAL
|
| 042 |
|
|
|a pcc
|
| 050 |
0 |
0 |
|a HG6024.A3
|b S873 2016
|
| 082 |
0 |
0 |
|a 332.6457
|2 23
|
| 100 |
1 |
|
|a Sundaram, Rangarajan K.
|9 37653
|
| 245 |
1 |
0 |
|a Derivatives :
|b principles and practice /
|c Rangarajan K. Sundaram, Sanjiv R. Das.
|
| 250 |
|
|
|a Second edition.
|
| 260 |
|
|
|a New York, NY :
|b McGraw-Hill Education,
|c 2016
|
| 300 |
|
|
|a 886 pages, B-8, I-27 pages :
|b illustrations ;
|c 25 cm.
|
| 526 |
|
|
|a BBS
|
| 541 |
|
|
|a Development book agency
|e 36745
|
| 650 |
|
0 |
|a Derivative securities.
|9 37654
|
| 650 |
|
0 |
|a Business & finance.
|9 43370
|
| 700 |
1 |
|
|a Das, Sanjiv R.
|q (Sanjiv Ranjan)
|9 37655
|
| 852 |
|
|
|a Ayesha Abed Library
|c General Stacks
|
| 942 |
|
|
|2 ddc
|c BK
|
| 952 |
|
|
|0 0
|1 0
|2 ddc
|4 0
|6 332_645700000000000_SUN
|7 0
|9 67274
|a BRACUL
|b BRACUL
|c GEN
|d 2019-11-24
|e Development Book Agency
|g 4650.00
|l 2
|m 33
|o 332.6457 SUN
|p 3010036745
|r 2025-07-26
|s 2024-12-01
|t 1
|v 4650.00
|w 2019-11-24
|y BK
|